| 000 | 00417nam a2200145Ia 4500 | ||
|---|---|---|---|
| 008 | 231129s1994||||xx |||||||||||||| ||spa|| | ||
| 020 | _a950-861-083-2 | ||
| 040 | _bspa | ||
| 082 | _a616.8914 R742m | ||
| 100 | _aRojzman Charles | ||
| 245 | 0 | _aEl miedo el odio y la democracia : Introduccion a una terapia social | |
| 260 | _c1994 | ||
| 264 | _aSan Pablo | ||
| 942 |
_2ddc _cBKS |
||
| 999 |
_c11693 _d11693 |
||